| 000 | 01131nam a22002657a 4500 | ||
|---|---|---|---|
| 999 |
_c65920 _d65920 |
||
| 005 | 20240530110850.0 | ||
| 008 | 200912s2020 ua a f b 000 0dara d | ||
| 017 |
_a2019/19790 _bمصر. دار الكتب |
||
| 020 | _a9789777801782 | ||
| 040 |
_aEG-CaGPL _cEG-CaGPL |
||
| 082 | 0 | 4 |
_221 _a519.5\ _bأ د |
| 100 | 0 | _aاحمد طه محمد | |
| 245 | 1 | 0 |
_aدليل الباحث فى التحليلات الاحصائية المتقدمة باستخدام برامج SPSS & AMOS / _cاحمد طه محمد ، هناء عزت محمد _nالجزء الاول : _pالتحليل العاملى ونمذجة المعادلة البنائية . |
| 250 | _aط.1 | ||
| 260 |
_aالقاهرة : _bعالم الكتب، _c2020 |
||
| 300 |
_a295 ص. ؛ _c24 سم. |
||
| 504 | _aيشتمل على ارجاعات ببليوجرافية | ||
| 650 | 0 | 7 |
_aالاحصاء التحليلى _2qrmak |
| 650 | 0 | 7 |
_aالتدوير _2qrmak |
| 650 | 0 | 7 |
_aحساب المثلثات _2qrmak |
| 651 | _2qrmak | ||
| 700 | 0 |
_aهناء عزت محمد _eمؤلف مشارك |
|
| 942 |
_2ddc _cBK |
||